Using assessment to improve the quality of education.

Uloženo v:
Podrobná bibliografie
Hlavní autor: Kellaghan, Thomas (autor)
Další autoři: Greaney, Vincent (autor) (autor)
Médium: Kniha
Jazyk:angličtina
Edice:(Fundamentals of Educational Planning ; no. 71)
Témata:
Tagy: Přidat tag
Žádné tagy, Buďte první, kdo vytvoří štítek k tomuto záznamu!

MARC

LEADER 00000cam^a2200000uu^4500
001 000492337
005 20250521000000.0
008 050901s2001^^^^^^^^^^^^rd^r^^000^0^eng^d
009 20260310125438.556
022 |a 9280312154 
035 |a FCE 000035615 
035 |a FCE 035657 
037 |a Acervo ITESO - Biblioteca 
041 |a eng 
082 0 4 |a 371.2072  |b FPE no.71 
100 |a Kellaghan, Thomas  |e (autor) 
245 1 0 |a Using assessment to improve the quality of education. 
264 |a Paris :  |b UNESCO, IIEP,  |c 2001. 
300 |a 98 p. 
336 |a texto  |b txt  |2 rdacontenido 
337 |a sin mediación  |b n  |2 rdamedio 
338 |a volumen  |b nc  |2 rdasoporte 
440 0 |a (Fundamentals of Educational Planning ;  |v no. 71) 
649 |a XX 
650 |a Calidad de la educación 
700 |a Greaney, Vincent  |e (autor) 
910 |a Fondo Centro de Estudios Educativos 
920 |a Impresos - Libros 
930 |a Fondos Especiales 
905 |a 133 
901 |a ALE035657  |b IT2  |c CEE  |u 20250521 
902 |a https://opac.biblio.iteso.mx/vufind/Record/000492337